| 000 | 00728cab a2200289 4500 | ||
|---|---|---|---|
| 001 | X1208 | ||
| 008 | 090401t1993 xxu||||| |||| 00| 0 eng d | ||
| 035 | _a(Sirsi) u15487 | ||
| 041 | _aeng | ||
| 100 | _aHenry, D. | ||
| 245 | _aThree decades of change | ||
| 260 | _c1993 | ||
| 350 | _a0 | ||
| 490 |
_aThe Impugner (RICS Rating Diploma Holders` Section) _vApril 1993 (12) |
||
| 650 | _aHISTORY | ||
| 650 | _aLAYFIELD REPORT | ||
| 650 | _aOIL FIELDS | ||
| 650 | _aRATEABILITY | ||
| 650 | _aRATING | ||
| 650 | _aSCOTLAND | ||
| 650 | _aSORN COMMITTEE | ||
| 650 | _aVALUATION AND RATING (SCOTLAND) ACT 1956 | ||
| 650 |
_aValuation _96273 |
||
| 690 | _aRATING AND VALUATION | ||
| 942 | _n0 | ||
| 948 | _c04/03/1997 | ||
| 999 |
_c10163 _d10163 |
||